000
00319nam a2200133Ia 4500
008
100328s9999 xx 000 0 und d
082
_b
11111
100
_a
सोमण द.चि.
245
_a
गुंजा
260
_b
पराग
630
_a
गुंजा
730
_a
गुंजा
942
_c
BOOK
999
_c
506446
_d
506443